Top 10 Najmłodsi strzelcy bramki w Lidze Mistrzów - Statystyki

Ogólne statystyki
  • Ten quiz został rozwiązany 81 razy
  • Średni wynik to 2 z 10
Statystyki odpowiedzi
Klub Odpowiedź % Poprawnych
17 lat 01 miesiąc 09 dni FC Barcelona Ansu Fati
71%
17 lat 10 miesięcy 25 dni FC Barcelona Pedri
58%
17 lat 07 miesięcy 04 dni FC Barcelona Bojan Krkić
30%
17 lat 07 miesięcy 03 dni Arsenal Cesc Fabregas
18%
17 lat 11 miesięcy 17 dni Olympique Lyon Karim Benzema
14%
17 lat 09 miesięcy 25 dni Arsenal Aaron Ramsey
5%
17 lat 07 miesięcy 01 dzień Dinamo Zagrzeb Mateo Kovacić
3%
17 lat 08 miesięcy 21 dni FC Basel Breel Embolo
1%
17 lat 07 miesięcy 25 dni Sparta Praga Martin Klein
1%
17 lat 06 miesięcy 10 dni Olympiakos Pireus Peter Ofori-Quaye
1%
Nie znaleziono quizów pasujących do podanych kryteriów
Rozkład punktacji
Procent ludzi z każdym wynikiem
Percentyl według liczby udzielonych odpowiedzi
Twoja historia wyników
Nie rozwiązałeś tego quizu